Top 10 des pays avec le plus bas taux de criminalité en 2025 - Statistiques

Statistiques générales
  • Ce quiz a été pris 81 fois
  • Le résultat moyen est 4 sur 10
Statistiques - réponses
Taux de criminalité Pays % Correct
22.6 Japon
77%
23.6 Monaco
73%
12.9 Andorre
62%
23.5 Singapour
51%
15.6 Emirats Arabes Unis
49%
16 Qatar
49%
16.7 Taïwan
32%
19 Oman
30%
23.8 Estonie
19%
22.4 Arménie
5%
Aucun quiz correspondant
Distribution des résultats
% des personnes avec chaque résultat
Percentile par nombre de réponses
Votre historique - résultats
Vous n’avez pas pris ce quiz